Statistics for Cities on the Caribbean Sea by a Clue

Click here to take the quiz!

General Stats

  • This quiz has been taken 73 times
  • The average score is 12 of 20

Answer Stats

ClueLetterCity% Correct
Mexican resort city on the Yucatan peninsulaCCancún
94%
This city's Trenchtown neigborhood is the birthplace of the music genre reggaeKKingston
93%
Was catastrophically affected by a devastating earthquake in 2010PPort-au-Prince
91%
Rihanna was born near this world capitalBBridgetown
84%
It's not the capital of Newfoundland and Labrador, but Antigua and BarbudaSSaint John's
84%
Site of the oldest permanent settlement of the European countriesSSanto Domingo
82%
Costa Rican city whose name is Spanish for "lemon"LLimón
81%
Northernmost city in Colombia that is Shakira's home townBBarranquilla
78%
Belmopan replaced it as the nation's capital due to hurricanesBBelize City
78%
Capital named after the patron saint of EnglandSSaint George's
75%
City whose "Moncada Barracks" were attacked by Fidel Castro in 1953SSantiago de Cuba
54%
"Orange city" of either Aruba or Sint EustatiusOOranjestad
50%
Home to the biggest stock exchange in the CaribbeanPPort of Spain
47%
Namesake of a major lake, actually an ocean bayMMaracaibo
46%
Resort town at the eastern tip of HispaniolaPPunta Cana
40%
Was founded in 1650 as "Carenage" by the FrenchCCastries
38%
Capital of the U.S. Virgin IslandsC{Charlotte} Amalie
37%
Guatemalan town named for a famous Scottish missionary and explorerLLivingston
32%
Formerly the main port for trade between Spain and its overseas empireCCartagena
31%
Located at the northern terminus of the Panama CanalCColón
26%

Score Distribution

Percentile by Number Answered

Percent of People with Each Score

Your Score History

You have not taken this quiz